Пасионът през втората половина на XX век : композиторски решения на литургичния жанр (Запис номер 372807)
[ съкратено ]
| 000 -Лидер | |
|---|---|
| Лидер | 02074nam a2200373 a 4500 |
| 003 - Код на организацията, давaща контролен номер | |
| Код на организацията, даваща контролен номер | BLK |
| 005 - Дата и час на последна редакция | |
| Дата и час на последна редакция | 20240709150247.0 |
| 008 - Елементи от данни с фиксирана дължина | |
| Елементи с фиксирана дължина | 200702b bu |||||r|||| 00| | bu d |
| 020 ## - Международен стандартен номер на книга ISBN | |
| ISBN | 9786199130629 |
| 020 ## - Международен стандартен номер на книга ISBN | |
| ISBN | 978-619-91306-2-9 |
| 040 ## - Източник на каталожния запис | |
| Код на библиотеката | BLK |
| 041 ## - Код за език | |
| Език | Български |
| Език за КДБФ | Български |
| 080 ## - УДК | |
| УДК текст | Музиканти-творци, композитори |
| УДК код | 78.071.1 |
| УДК – определител | (438)(092) |
| УДК – код + определител | 78.071.1(438)(092) |
| 080 ## - УДК | |
| УДК текст | Музиканти-творци, композитори |
| УДК код | 78.071.1 |
| УДК – определител | (474.2)(092) |
| УДК – код + определител | 78.071.1(474.2)(092) |
| 080 ## - УДК | |
| УДК текст | Църковни Оратории, Пасиони, Кантати |
| УДК код | 783.3 |
| УДК – код + определител | 783.3 |
| 084 ## - Класификационен индекс по друга класификация | |
| Авторски знак | Грам - Г 76 |
| 100 ## - Редна дума - Автор | |
| Автор | Граматиков, Илия Димитров |
| R(LIN) | 1299 |
| 245 ## - Сведения за заглавието | |
| Заглавие | Пасионът през втората половина на XX век : композиторски решения на литургичния жанр |
| Авторска отговорност | Илия Граматиков ; науч. ред. Наташа Япова. |
| 260 ## - Област на издателските данни | |
| 9 (RLIN) | 456923 |
| Място на издаване | София |
| Име на издателя | Нац. муз. акад. Проф. Панчо Владигеров |
| Година на издаване | 2019 |
| Печатница | София : Дайрект сървисиз |
| 300 ## - Физическа характеристика | |
| Брой страници | 389 с. |
| Илюстрации | с цв. ил., ноти, табл. |
| Размер | 30 см |
| 380 ## - Жанр | |
| Жанр | Изкуство |
| 500 ## - Общи забележки | |
| Обща забележка | Биогр. данни за авт. отбелязани на гърба на кор.<br/>Кн. е ил. с рис. на: Адриен Изенбранд, Майстер Франке, Салвадор Дали, Николай Майсторов |
| 504 ## - Забележка за наличие на библиография и др | |
| Библиография | Библиогр.: с. 313-326 |
| 650 #0 - Допълнително описание по предмет – тема | |
| 9 (RLIN) | 417332 |
| Предметна рубрика | Пендерецки, Кшищоф, 1933-2020 - творчество |
| 650 #0 - Допълнително описание по предмет – тема | |
| 9 (RLIN) | 417333 |
| Предметна рубрика | Пярт, Арво, 1935- - творчество |
| 650 #0 - Допълнително описание по предмет – тема | |
| 9 (RLIN) | 279484 |
| Предметна рубрика | Музика, църковна |
| 700 ## - Други автори (авторска отговорност) | |
| 9 (RLIN) | 695 |
| Друг автор | Япова, Наташа Петрова |
| Авт. отговорност на др. автор | науч. ред. |
| 852 ## - Местоположение | |
| Сигнатура (форматна) | Цб ІІ 25384 |
| Отдел | Хранилище |
| 852 ## - Местоположение | |
| Отдел | Отдел Изкуство - подръчен фонд |
| Систематично-азбучна сигнатура | 78.071.1(092)/Г 76 И |
| 942 ## - АРТИКУЛИ | |
| Вид на библиотечния документ | Книги |
| Скрит в OPAC | Не |
| Периодичен библиозапис | Да |
| 944 ## - СЪЗДАВАНЕ И РЕДАКЦИЯ на ЗАПИСА | |
| Създаване/Редакция | Създаване |
| Дата на регистрацията/редакция | 2020-07-02 |
| Служител, извършил регистрацията/редакцията | 30540 |
| Номер на служител | Севдалина Тодорова |
| 944 ## - СЪЗДАВАНЕ И РЕДАКЦИЯ на ЗАПИСА | |
| Създаване/Редакция | Редакция |
| Дата на регистрацията/редакция | 2024-07-09 |
| Служител, извършил регистрацията/редакцията | Севдалина Тодорова |
| 999 ## - СИСТЕМНИ КОНТРОЛНИ НОМЕРА | |
| Koha biblionumber | 372807 |
| Koha biblioitemnumber | 372807 |
| Код за отписване | Код за изгубен артикул | Източник на класификационната схема | Код за повреда | Коз за рестрикции | Код за отдаване | Артикулен № | Име на библиотеката - собственик | Име на библиотеката, в която се намира в момента | Статус (Текущо местоположение) | Дата на вписване в системата | Местоположение - отдел | Цена в лева | Систематично азбучна сигнатура | Баркод | Цена в евро | Служебен тип на артикула | Инвентарен номер |
|---|---|---|---|---|---|---|---|---|---|---|---|---|---|---|---|---|---|
| Не е изгубен | Universal Decimal Classification | Не е повреден | без рестрикции | ползва се в читалня | 780633 | Регионална библиотека "Любен Каравелов" Русе | Регионална библиотека "Любен Каравелов" Русе | Хранилище | 2020-07-06 | Хранилище | 25.00 | Цб ІІ 25384 | 120000845107 | 12.78 | Книги | ||
| Не е изгубен | Universal Decimal Classification | Не е повреден | заемане за дома | 945856 | Регионална библиотека "Любен Каравелов" Русе | Регионална библиотека "Любен Каравелов" Русе | Отдел Изкуство - подръчен фонд | 2024-07-11 | Отдел Изкуство - подръчен фонд | 25.00 | 78.071.1(092)/Г 76 И | 120000910992 | 12.78 | Книги | 120000910992 |